000 00357nam a2200145Ia 4500
008 230917s9999||||xx |||||||||||||| ||und||
040 _e140471
_aMAIN
041 _aEnglish
082 _a658.8 C457T
100 _aChowdhary, Nimit
245 0 _aTextbook of marketing services
260 _aNew Delhi
_bMacmillan
_c2005
300 _a445p p.
942 _cBK
999 _c135271
_d135271